| Tag |
First Indicator |
Second Indicator |
Subfields |
| LEADER |
00000cas a2200000 a 4500 |
| 001 |
in00000993713 |
| 005 |
20150927174416.0 |
| 008 |
910320c19919999txumr p s0uuu 0eng d |
| 035 |
|
|
|a (OCoLC)23275146
|
| 035 |
|
|
|9 AEY6249AM
|
| 040 |
|
|
|a IKM
|c IKM
|d UtOrBLW
|
| 049 |
|
|
|a TXAO
|
| 086 |
|
|
|a A1400.6 N42v
|2 txdocs
|
| 110 |
2 |
|
|a Texas Commission on Alcohol and Drug Abuse.
|
| 245 |
1 |
0 |
|a Newview.
|
| 246 |
3 |
|
|a New view
|
| 246 |
1 |
|
|i Subtitle:
|a Newsletter of the Texas Commission on Alcohol and Drug Abuse.
|
| 264 |
|
1 |
|a Austin, Tex. :
|b Texas Commission on Alcohol and Drug Abuse,
|c 1991-
|
| 300 |
|
|
|a volumes :
|b illustrations ;
|c 28 cm.
|
| 310 |
|
|
|a Monthly
|
| 336 |
|
|
|a text
|b txt
|2 rdacontent
|
| 337 |
|
|
|a unmediated
|b n
|2 rdamedia
|
| 338 |
|
|
|a volume
|b nc
|2 rdacarrier
|
| 362 |
0 |
|
|a Vol. 1, no. 1 (Jan. 1991)-
|
| 500 |
|
|
|a Title from caption.
|
| 515 |
|
|
|a Vol. 5 (1995) has only 5 issues.
|
| 650 |
|
0 |
|a Alcoholism
|z Texas
|x Periodicals.
|
| 650 |
|
0 |
|a Alcoholics
|x Rehabilitation
|z Texas
|x Periodicals.
|
| 650 |
|
0 |
|a Drug abuse
|z Texas
|x Periodicals.
|
| 650 |
|
0 |
|a Drug addicts
|x Rehabilitation
|z Texas
|x Periodicals.
|
| 780 |
0 |
0 |
|t Commission News
|w (OCoLC)13622350
|
| 999 |
|
|
|a MARS
|
| 999 |
f |
f |
|s fd3b4306-0061-393e-87e9-10f4bfd18bfc
|i 736d52b0-6a1b-3e01-bdb9-41b8491f8f67
|t 0
|
| 952 |
f |
f |
|p serial
|a Texas A&M University
|b College Station
|c Sterling C. Evans Library
|d Evans: Texas Documents (Annex 5th floor)
|t 0
|e A1400.6 N42v
|h Superintendent of Documents classification
|i unmediated -- volume
|k v.10:no.-v.10:no.3
|l 1999:Sept.-1999:Nov./Dec.
|m A14825627662
|
| 952 |
f |
f |
|p serial
|a Texas A&M University
|b College Station
|c Sterling C. Evans Library
|d Evans: Texas Documents (Annex 5th floor)
|t 0
|e A1400.6 N42v
|h Superintendent of Documents classification
|i unmediated -- volume
|k v.5:no.1-v.9:no.6
|l 1995-1999
|m A14819652138
|
| 952 |
f |
f |
|p serial
|a Texas A&M University
|b College Station
|c Sterling C. Evans Library
|d Evans: Texas Documents (Annex 5th floor)
|t 0
|e A1400.6 N42v
|h Superintendent of Documents classification
|i unmediated -- volume
|k v.1
|l 1991
|m A14814960706
|
| 952 |
f |
f |
|p serial
|a Texas A&M University
|b College Station
|c Sterling C. Evans Library
|d Evans: Texas Documents (Annex 5th floor)
|t 0
|e A1400.6 N42v
|h Superintendent of Documents classification
|i unmediated -- volume
|k v.3
|l 1993
|m A14820117272
|
| 952 |
f |
f |
|p serial
|a Texas A&M University
|b College Station
|c Sterling C. Evans Library
|d Evans: Texas Documents (Annex 5th floor)
|t 0
|e A1400.6 N42v
|h Superintendent of Documents classification
|i unmediated -- volume
|k v.4
|l 1994
|m A14820117264
|
| 952 |
f |
f |
|p serial
|a Texas A&M University
|b College Station
|c Sterling C. Evans Library
|d Evans: Texas Documents (Annex 5th floor)
|t 0
|e A1400.6 N42v
|h Superintendent of Documents classification
|i unmediated -- volume
|k v.2
|l 1992
|m A14820075496
|
| 998 |
f |
f |
|a A1400.6 N42v
|s v.10:no.1 (1999:Sept.)-v.10:no.3 (1999:Nov./Dec.)
|t 0
|l Evans: Texas Documents (Annex 5th floor)
|